Srimad Bhagavatam : (Record no. 10378)

MARC details
000 -LEADER
fixed length control field 01371 a2200289 4500
010 ## - LIBRARY OF CONGRESS CONTROL NUMBER
LC control number ENG-89270-72
020 ## - INTERNATIONAL STANDARD BOOK NUMBER
Terms of availability 250.00 (v.1)
020 ## - INTERNATIONAL STANDARD BOOK NUMBER
Terms of availability 250.00 ((v.2)
020 ## - INTERNATIONAL STANDARD BOOK NUMBER
Terms of availability 500.00 (v.3)
035 ## - SYSTEM CONTROL NUMBER
System control number EN-72803-05
037 ## - SOURCE OF ACQUISITION
Source of stock number/acquisition DBAD / PUB
082 14 - DEWEY DECIMAL CLASSIFICATION NUMBER
Classification number 230.22
090 ## - LOCALLY ASSIGNED LC-TYPE CALL NUMBER (OCLC); LOCAL CALL NUMBER (OCLC)
-- 10673
-- 10673
100 ## - MAIN ENTRY--PERSONAL NAME
Personal name Yati Maharaj
245 1# - TITLE STATEMENT
Title Srimad Bhagavatam :
Remainder of title of Sri Krishnadvaipayana Vyasa with purport following the commentary of Sri Vishvanatha Chakravarty & the annotation of Srimad Bhakti Siddhanta Saraswati Goswami Thakur /
Statement of responsibility, etc by Sri B.P.Yati Maharaj
250 ## - EDITION STATEMENT
Edition statement 2nd ed
260 ## - PUBLICATION, DISTRIBUTION, ETC. (IMPRINT)
Place of publication, distribution, etc Nadia(W.B.)
Name of publisher, distributor, etc Mayapur Sri Chaitanya Math
Date of publication, distribution, etc 2004
270 ## - ADDRESS
Address 70-B, Rash Behari Avenue,
City Kolkata
State or province West Bengal
Postal code 700 026
300 ## - PHYSICAL DESCRIPTION
Extent 3 V. (c, 645p.; iii, 634p.; xvi, 1203p.)
Dimensions 22cm (Hb)
500 ## - GENERAL NOTE
General note This book published in 3 parts
505 ## - FORMATTED CONTENTS NOTE
Formatted contents note v.1 - contains Bh. Skandha 1 to 4; v.2 - Contains Bh. Skandhas 5 to 9; v.3 - contains Bh. Skandhas 10 to 12
700 ## - ADDED ENTRY--PERSONAL NAME
Personal name Yati Maharaj
942 ## - ADDED ENTRY ELEMENTS (KOHA)
Institution code [OBSOLETE] dpl
Koha item type English Books
Call number prefix 230.22 / YAT
Holdings
Withdrawn status Lost status Source of classification or shelving scheme Damaged status Not for loan Collection code Home library Current library Source of acquisition Cost, normal purchase price Total Checkouts Total Renewals Full call number Barcode Date last seen Copy number Uniform Resource Identifier Cost, replacement price Price effective from Koha item type
    Dewey Decimal Classification   Not For Loan Non-fiction D.B.Act.Division D.B.Act.Division DBAD/PUB 250.00     230.22 YAT EN-72803 (v.1) 15/09/2008 1 11425 250.00 15/09/2008 English Books
    Dewey Decimal Classification   Not For Loan Non-fiction D.B.Act.Division D.B.Act.Division DBAD/PUB 250.00     230.22 EN-72804 (v.2) 15/09/2008 1 11426 250.00 15/09/2008 English Books
    Dewey Decimal Classification   Not For Loan Non-fiction D.B.Act.Division D.B.Act.Division DBAD/PUB 500.00     230.22 YAT EN-72805 (v.3) 15/09/2008 1 11427 500.00 15/09/2008 English Books

© Delhi Public Library
Hit Counter
free hit counter